Knowledge managemant systems: theory and practice (Record no. 170780)

000 -LEADER
fixed length control field 00374nam a2200133Ia 4500
008 - FIXED-LENGTH DATA ELEMENTS--GENERAL INFORMATION
fixed length control field 220217s9999||||xx |||||||||||||| ||und||
020 ## - INTERNATIONAL STANDARD BOOK NUMBER
International Standard Book Number 1-86152-616-4
082 ## - DEWEY DECIMAL CLASSIFICATION NUMBER
Classification number 658.45 BAR
100 ## - MAIN ENTRY--PERSONAL NAME
Personal name Barnes, Stuart
9 (RLIN) 3069
245 #0 - TITLE STATEMENT
Title Knowledge managemant systems: theory and practice
260 ## - PUBLICATION, DISTRIBUTION, ETC.
Place of publication, distribution, etc. Thomson learning
Name of publisher, distributor, etc. Australia
Date of publication, distribution, etc. 2002
300 ## - PHYSICAL DESCRIPTION
Other physical details 326
650 ## - SUBJECT ADDED ENTRY--TOPICAL TERM
Topical term or geographic name entry element MANAGEMENT
Holdings
Withdrawn status Lost status Damaged status Not for loan Collection code Home library Current library Shelving location Date acquired Full call number Barcode Date last seen Price effective from Koha item type
        Computer Science and Engineering Central Library Central Library Reference 02/18/2022 658.45 BAR 5969 02/18/2022 02/18/2022 Books

Powered by Koha